The Girl in Room 105 (Record no. 48151)

000 -LEADER
fixed length control field 00338nam a2200145Ia 4500
008 - FIXED-LENGTH DATA ELEMENTS--GENERAL INFORMATION
fixed length control field 250515s9999||||xx |||||||||||||| ||und||
020 ## - INTERNATIONAL STANDARD BOOK NUMBER
International Standard Book Number 9781542040464
082 ## - DEWEY DECIMAL CLASSIFICATION NUMBER
Classification number 700
Item number BHA/T
100 ## - MAIN ENTRY--PERSONAL NAME
Personal name Bhagat,Chetan
245 #4 - TITLE STATEMENT
Title The Girl in Room 105
250 ## - EDITION STATEMENT
Edition statement 1st Ed.
260 ## - PUBLICATION, DISTRIBUTION, ETC.
Place of publication, distribution, etc. Seattle
Name of publisher, distributor, etc. Westland
Date of publication, distribution, etc. 2018
300 ## - PHYSICAL DESCRIPTION
Extent 304p.
942 ## - ADDED ENTRY ELEMENTS (KOHA)
Koha item type Book
Holdings
Withdrawn status Lost status Damaged status Not for loan Collection code Permanent Location Current Location Date acquired Cost, normal purchase price Total Checkouts Full call number Barcode Date last seen Date last checked out Price effective from Koha item type
        School of Journalism (Noida) MUIT-NOIDA MUIT-NOIDA 2025-05-15 199.00 2 700 BHA/T SOJ00123 2026-02-16 2026-02-09 2025-05-15 Book

All Rights Reserved@MUIT

Powered by Koha